Central Library OPAC University of Rajshahi

One way pendulum : (Record no. 20734)

MARC details
000 -LEADER
fixed length control field 00759cam a22002531a 4500
001 - CONTROL NUMBER
control field 20734
003 - CONTROL NUMBER IDENTIFIER
rucl marc code BD-RjUL
005 - DATE AND TIME OF LATEST TRANSACTION
control field 20211209000613.0
008 - FIXED-LENGTH DATA ELEMENTS--GENERAL INFORMATION
fixed length control field 140302s1960 enk 000 0 eng
035 ## - SYSTEM CONTROL NUMBER
System control number (BD-RjUL)20796
System control number (OCoLC)2077618
040 ## - CATALOGING SOURCE
Original cataloging agency DLC
Transcribing agency TxU
Modifying agency OCoLC
-- Uk
-- WU
-- WaS
-- DLC
-- BD-RjUL
Language of cataloging eng
041 ## - LANGUAGE CODE
Language code of text/sound track or separate title eng
082 ## - DEWEY DECIMAL CLASSIFICATION NUMBER
Classification number 822.914
Author mark and year SIO 1960
100 1# - MAIN ENTRY--PERSONAL NAME
Personal name Simpson, N. F.
Fuller form of name (Norman Frederick),
Dates associated with a name 1919-2011.
9 (RLIN) 64025
245 10 - TITLE STATEMENT
Title One way pendulum :
Remainder of title a farce in a new dimension /
Statement of responsibility, etc. N. F. Simpson.
260 ## - PUBLICATION, DISTRIBUTION, ETC. (IMPRINT)
Place of publication, distribution, etc. London :
Name of publisher, distributor, etc. Faber & Faber,
Date of publication, distribution, etc. c1960.
300 ## - PHYSICAL DESCRIPTION
Pagination 94 p. ;
Size 22 cm.
650 #0 - SUBJECT ADDED ENTRY--TOPICAL TERM
Topical term or geographic name as entry element Families
Form subdivision Drama.
9 (RLIN) 64027
942 ## - ADDED ENTRY ELEMENTS (KOHA)
Source of classification or shelving scheme Dewey Decimal Classification
Koha item type Books
Holdings
Lost status Source of classification or shelving scheme Damaged status Not for loan Collection code Permanent Location Current Location Shelving location Date acquired Source of acquisition Cost, normal purchase price Total Checkouts Full call number Date last seen Copy number Koha item type
  Dewey Decimal Classification   Added to bundle Fiction Central Library, University of Rajshahi Central Library, University of Rajshahi Reading Room 19/03/1964 Zetlinger 10.60   822.914 SIO 1960 02/03/2014 C-1 Books